<?xml version="1.0" encoding="UTF-8"?>
<marc:record xmlns:marc="http://www.loc.gov/MARC21/slim">
   <marc:leader>00000nam a2200000 a 4500</marc:leader>
   <marc:datafield ind1="1" ind2=" " tag="100">
      <marc:subfield code="a">Stroner, Suse</marc:subfield>
      <marc:subfield code="4">aut</marc:subfield>
      <marc:subfield code="e">Verfasser/-in</marc:subfield>
   </marc:datafield>
   <marc:datafield ind1=" " ind2=" " tag="653">
      <marc:subfield code="a">Ausflug</marc:subfield>
   </marc:datafield>
   <marc:datafield ind1=" " ind2=" " tag="653">
      <marc:subfield code="a">Aktivreisen/Deutschland</marc:subfield>
   </marc:datafield>
   <marc:datafield ind1=" " ind2=" " tag="653">
      <marc:subfield code="a">Führer</marc:subfield>
   </marc:datafield>
   <marc:datafield ind1="0" ind2="0" tag="245">
      <marc:subfield code="a">Stuttgart &amp; Umgebung</marc:subfield>
   </marc:datafield>
   <marc:datafield ind1="0" ind2="0" tag="245">
      <marc:subfield code="b">die 77 schönsten Ausflüge und Tipps für ihre Freizeit ; mit Regionalkarte zum Herausnehmen</marc:subfield>
   </marc:datafield>
   <marc:datafield ind1="0" ind2="0" tag="245">
      <marc:subfield code="c">Suse Stroner</marc:subfield>
   </marc:datafield>
   <marc:datafield ind1=" " ind2="1" tag="264">
      <marc:subfield code="a">München</marc:subfield>
      <marc:subfield code="b">Travel-House-Media</marc:subfield>
      <marc:subfield code="c">2009</marc:subfield>
   </marc:datafield>
   <marc:datafield ind1="1" ind2=" " tag="490">
      <marc:subfield code="a">Merian aktiv</marc:subfield>
   </marc:datafield>
   <marc:datafield ind1=" " ind2=" " tag="250">
      <marc:subfield code="a">1. Aufl.</marc:subfield>
   </marc:datafield>
   <marc:datafield ind1="1" ind2=" " tag="520">
      <marc:subfield code="a">Angaben aus der Verlagsmeldung

Stuttgart

Stuttgart

Mit den besten Tipps für Freizeit- und Outdoor-Aktivitäten ist MERIAN aktiv die ideale Freizeitführer-Reihe für Ausflügler, Urlauber und Familien. Für jedes Alter und alle Interessen ist etwas dabei, und auch die Jüngsten kommen nicht zu kurz.

Der MERIAN aktiv Stuttgart präsentiert eine Vielzahl der attraktivsten Freizeitmöglichkeiten im Umland der Schwabenmetropole. Präsentiert werden Ausflugsziele mit hohem Erlebniswert, bei denen garantiert keine Langeweile aufkommt. Auf Burg Hohenbeilstein lassen sich z. B. Falken in Aktion erleben. Oder Esslingen lädt dazu ein, bei einer Stadtrundfahrt im Kanu entdeckt zu werden. Zu allen Zielen gibt es umfassende Infos und Einkehrtipps. Der Service-Teil informiert über die günstigste Anreise, die schönste Reisezeit und vieles mehr. Wann und wo in der Region Feste steigen, verrät der Veranstaltungskalender.

75 Tipps für Freizeit- und Outdooraktivitäten, 90 Farbfotos, 1 Übersichtskarte, 1 Stuttgart-Stadtplan
</marc:subfield>
   </marc:datafield>
   <marc:datafield ind1=" " ind2=" " tag="020">
      <marc:subfield code="a">9783834205667</marc:subfield>
      <marc:subfield code="9">9783834205667</marc:subfield>
   </marc:datafield>
   <marc:datafield ind1=" " ind2=" " tag="041">
      <marc:subfield code="a">ger</marc:subfield>
   </marc:datafield>
   <marc:datafield ind1=" " ind2=" " tag="300">
      <marc:subfield code="a">128 S.</marc:subfield>
   </marc:datafield>
</marc:record>
